[Event "Canadian zt"]
[Site "Toronto"]
[Date "2024.03.30"]
[Round "5"]
[White "Dorrance, Adam"]
[Black "Latorre, Vincent"]
[Result "1-0"]
[WhiteElo "2276"]
[BlackElo "2181"]
[PlyCount "113"]
[EventDate "2024.03.27"]
[EventType "team-swiss"]
[EventRounds "10"]
[EventCountry "CAN"]
[SourceTitle "CB15_2024"]
[SourceDate "2024.04.10"]
[SourceVersion "1"]
[SourceVersionDate "2024.04.10"]
[SourceQuality "1"]

1. d4 Nf6 2. c4 g6 3. Nc3 Bg7 4. e4 d6 5. Be2 0-0 6. Be3 e5 7. d5 Nbd7 8. h4 Nc5 9. Qc2 c6 10. h5 cxd5 11. cxd5 Qa5 12. h6 Bh8 13. f3 Bd7 14. Rb1 Na4 15. Qd2 Rfc8 16. Nb5 Qxd2+ 17. Kxd2 Bxb5 18. Bxb5 Nb6 19. b3 Nfd7 20. a4 a6 21. Bd3 Nc5 22. a5 Nxd3 23. Kxd3 Nd7 24. Ne2 Bf6 25. Rhc1 Rxc1 26. Rxc1 Bd8 27. b4 Kf8 28. Nc3 Rc8 29. Rd1 Ke7 30. Na4 Ke8 31. g4 f6 32. Nb2 Kf7 33. Nc4 Be7 34. Rb1 f5 35. gxf5 gxf5 36. exf5 Nf6 37. Nb6 Rg8 38. b5 Rg3 39. bxa6 bxa6 40. Ke2 e4 41. fxe4 Nxe4 42. Rb4 Nf6 43. Rc4 Rg2+ 44. Kd3 Ng4 45. Rc7 Ne5+ 46. Ke4 Ke8 47. f6 Bxf6 48. Kf5 Be7 49. Ra7 Rg3 50. Bf4 Rf3 51. Ke6 Ng6 52. Ra8+ Bd8 53. Bg5 Ne7 54. Rxd8+ Kxd8 55. Bxe7+ Ke8 56. Bxd6 Rf6+ 57. Kxf6 1-0

[Event "Canadian zt"]
[Site "Toronto"]
[Date "2024.03.28"]
[Round "3"]
[White "Dorrance, Adam"]
[Black "Atanasov, Anthony"]
[Result "0-1"]
[WhiteElo "2276"]
[BlackElo "2407"]
[PlyCount "150"]
[EventDate "2024.03.27"]
[EventType "team-swiss"]
[EventRounds "10"]
[EventCountry "CAN"]
[SourceTitle "CB15_2024"]
[SourceDate "2024.04.10"]
[SourceVersion "1"]
[SourceVersionDate "2024.04.10"]
[SourceQuality "1"]

1. d4 d5 2. c4 e6 3. Nc3 Be7 4. Nf3 Nf6 5. g3 0-0 6. Bg2 dxc4 7. Ne5 Qd6 8. Nxc4 Qa6 9. Qb3 Nc6 10. e3 Rb8 11. a4 b5 12. Nxb5 Bd7 13. 0-0 Nxd4 14. exd4 Bxb5 15. axb5 Qxa1 16. Ne5 Bd6 17. Bc6 Qa5 18. Nc4 Qa6 19. Qd3 Qc8 20. Ne3 Kh8 21. Bd2 Ng8 22. Ra1 Ne7 23. Rxa7 Nxc6 24. bxc6 Rxb2 25. Nc4 Qb8 26. Ra5 Rb3 27. Qe4 Rb5 28. Nxd6 cxd6 29. c7 Qb7 30. Qxb7 Rxb7 31. Bf4 Rxc7 32. Bxd6 Rc1+ 33. Kg2 Rfc8 34. Bf4 Rd1 35. Be3 h6 36. h4 Kh7 37. Ra7 Kg6 38. Ra6 Rc3 39. Rb6 Rdd3 40. Ra6 h5 41. Rb6 Rb3 42. Ra6 Ra3 43. Rb6 Rdb3 44. Rc6 Rxe3 45. fxe3 Rxe3 46. d5 Kf5 47. Kf2 Rd3 48. dxe6 fxe6 49. Rc4 e5 50. Ra4 g6 51. Rb4 Rd4 52. Rb6 Ra4 53. Rc6 Ra2+ 54. Ke3 Ra3+ 55. Kf2 Ra2+ 56. Ke3 Rb2 57. Ra6 Rb5 58. Kf3 e4+ 59. Ke3 Rb3+ 60. Kf2 Rb2+ 61. Ke3 Rb5 62. Rd6 Ra5 63. Rb6 Ra3+ 64. Kf2 Ra2+ 65. Ke3 Ra5 66. Rd6 Ra3+ 67. Kf2 Rf3+ 68. Kg2 Rd3 69. Ra6 Rd2+ 70. Kf1 Rb2 71. Rc6 Ra2 72. Rb6 Rd2 73. Ra6 e3 74. Ra4 Ke5 75. g4 Rd4 0-1

[Event "Omaha Mednis Memorial"]
[Site "Omaha"]
[Date "2023.11.19"]
[Round "9"]
[White "Dorrance, Adam"]
[Black "Canty, James H"]
[Result "0-1"]
[WhiteElo "2261"]
[BlackElo "2154"]
[PlyCount "118"]
[EventDate "2023.11.15"]
[EventType "tourn"]
[EventRounds "9"]
[EventCountry "USA"]
[SourceTitle "CB47_2023"]
[SourceDate "2023.11.22"]
[SourceVersion "1"]
[SourceVersionDate "2023.11.22"]
[SourceQuality "1"]

1. d4 Nf6 2. c4 g6 3. Nf3 Bg7 4. g3 0-0 5. Bg2 d6 6. 0-0 Nbd7 7. Nc3 e5 8. e4 exd4 9. Nxd4 Re8 10. h3 Nc5 11. Re1 a5 12. Nb3 Ncd7 13. Be3 a4 14. Nd4 Nc5 15. Qc2 c6 16. Rad1 Qa5 17. Nde2 Qb4 18. Nc1 Qxc4 19. Rd4 Qe6 20. Red1 Bf8 21. Bf4 Rd8 22. Nxa4 Nxa4 23. Rxa4 Bd7 24. Rad4 Be8 25. Kh2 c5 26. R4d2 Bc6 27. Re2 Re8 28. e5 Bxg2 29. Kxg2 dxe5 30. Rxe5 Qc6+ 31. Kh2 Rxe5 32. Bxe5 Ne4 33. Bf4 Re8 34. Nd3 c4 35. Nc1 b5 36. Rf1 g5 37. Be3 Bd6 38. Ne2 h5 39. Nd4 Qd5 40. Nf3 Nxg3 41. fxg3 Rxe3 42. Qd1 Qxd1 43. Rxd1 Rxf3 44. Rxd6 Rf2+ 45. Kg1 Rxb2 46. Rc6 Kf8 47. Kf1 Rxa2 48. Ke1 Rb2 49. Rc5 f6 50. h4 gxh4 51. gxh4 Rb3 52. Kd2 Kf7 53. Rxh5 b4 54. Rc5 Rb2+ 55. Ke3 c3 56. h5 c2 57. Rc7+ Kg8 58. Kf4 b3 59. Kf5 Rb1 0-1

[Event "Canadian op"]
[Site "Calgary"]
[Date "2023.07.30"]
[Round "10"]
[White "Shirov, Alexei"]
[Black "Dorrance, Adam"]
[Result "1-0"]
[WhiteElo "2668"]
[BlackElo "2268"]
[PlyCount "115"]
[EventDate "2023.07.22"]
[EventType "swiss"]
[EventRounds "10"]
[EventCountry "CAN"]
[SourceTitle "CBM 215 Extra"]
[Source "ChessBase"]
[SourceDate "2023.09.30"]
[SourceVersion "1"]
[SourceVersionDate "2023.09.30"]
[SourceQuality "1"]

1. e4 c5 2. Nf3 e6 3. d4 cxd4 4. Nxd4 Nc6 5. Nc3 Qc7 6. Be3 a6 7. Qf3 Nf6 8. 0-0-0 Ne5 9. Qg3 b5 10. f4 Neg4 11. Bg1 h5 12. Bd3 Bb7 13. h3 b4 14. Nce2 Nh6 15. Qe3 Bc5 16. Kb1 Rc8 17. g4 hxg4 18. hxg4 Nfxg4 19. Qg3 Bf8 20. Nf3 Nf6 21. Ng5 Nf5 22. Qf3 Rxh1 23. Qxh1 Ng3 24. Nxg3 Qxf4 25. Nh7 Nxh7 26. Qxh7 Qxg3 27. Bh2 Qg6 28. Qg8 Qh6 29. Rf1 Qxh2 30. Qxf7+ Kd8 31. Qxf8+ Kc7 32. Qc5+ Kb8 33. Qxb4 Qc7 34. Rf7 g5 35. a3 Ka8 36. Rg7 g4 37. Rxg4 Qe5 38. Qe7 Bc6 39. Rg5 Qd4 40. Qc5 Qxc5 41. Rxc5 Kb7 42. Ra5 Rg8 43. b4 Ra8 44. Kb2 Kb6 45. c4 Bb7 46. Rg5 Rh8 47. Kc3 Rh1 48. a4 Ra1 49. a5+ Kc7 50. e5 Ra3+ 51. Kd4 Rb3 52. Bc2 Ra3 53. Rg1 Rh3 54. b5 Rh4+ 55. Kc5 Rh5 56. b6+ Kb8 57. Rg8+ Bc8 58. Kd4 1-0

[Event "Canadian op"]
[Site "Calgary"]
[Date "2023.07.29"]
[Round "9"]
[White "Dorrance, Adam"]
[Black "Gao, Raymond"]
[Result "1-0"]
[WhiteElo "2268"]
[BlackElo "1964"]
[PlyCount "137"]
[EventDate "2023.07.22"]
[EventType "swiss"]
[EventRounds "10"]
[EventCountry "CAN"]
[SourceTitle "CBM 215 Extra"]
[Source "ChessBase"]
[SourceDate "2023.09.30"]
[SourceVersion "1"]
[SourceVersionDate "2023.09.30"]
[SourceQuality "1"]

1. Nf3 Nf6 2. g3 b5 3. Na3 a6 4. c4 b4 5. Nc2 e6 6. Bg2 Bb7 7. d4 Be7 8. 0-0 0-0 9. a3 a5 10. b3 Na6 11. Bb2 Qb8 12. Ne3 Ne4 13. Ne5 Qc8 14. d5 Nf6 15. Nd3 Ne8 16. Qc2 Bf6 17. Bxf6 Nxf6 18. axb4 Nxb4 19. Nxb4 axb4 20. Qd2 Rb8 21. Ra4 c5 22. dxc6 Bxc6 23. Rxb4 Bxg2 24. Kxg2 Ne4 25. Rxb8 Nxd2 26. Rxc8 Rxc8 27. Rd1 Nxb3 28. Rxd7 Kf8 29. Ra7 Nd2 30. Ra4 Ke7 31. f3 Rc7 32. Kf2 Kd6 33. Ke1 Nb3 34. Rb4 Na5 35. Kd2 Nc6 36. Rb5 Nd4 37. Rb2 Kc5 38. Nc2 Rd7 39. Nxd4 Rxd4+ 40. Ke3 Rd7 41. Rc2 Rd4 42. Ra2 Rd7 43. Ra4 Rb7 44. h4 h6 45. h5 Rc7 46. Kd3 Kb6 47. Kd4 f6 48. Ra8 Rd7+ 49. Kc3 Kc6 50. Ra6+ Kc5 51. Rxe6 Ra7 52. Re4 Rd7 53. g4 Ra7 54. Kd2 Kd6 55. Ke3 Ra5 56. Kf4 Rc5 57. Ke3 Kd7 58. Kd4 Ra5 59. Re3 Ra2 60. Kc5 Rb2 61. Rd3+ Kc7 62. Ra3 Rb7 63. Ra8 Kd7 64. Kd5 Ke7 65. c5 Rb2 66. Ra7+ Kf8 67. e4 Rd2+ 68. Ke6 Kg8 69. c6 1-0

[Event "Canadian op"]
[Site "Calgary"]
[Date "2023.07.28"]
[Round "8"]
[White "Yang, Jingyun Ryan"]
[Black "Dorrance, Adam"]
[Result "0-1"]
[WhiteElo "2077"]
[BlackElo "2268"]
[PlyCount "78"]
[EventDate "2023.07.22"]
[EventType "swiss"]
[EventRounds "10"]
[EventCountry "CAN"]
[SourceTitle "EXT 2024"]
[Source "ChessBase"]
[SourceDate "2023.10.10"]
[SourceVersion "1"]
[SourceVersionDate "2023.10.10"]
[SourceQuality "1"]

1. e4 e6 2. Nf3 d5 3. exd5 exd5 4. d4 Bd6 5. Bd3 Nc6 6. c3 Bg4 7. h3 Bh5 8. Be3 Nge7 9. b4 f6 10. a4 Qd7 11. Nbd2 0-0 12. Nb3 b6 13. 0-0 Nf5 14. g4 Nxe3 15. fxe3 Bg6 16. Bxg6 hxg6 17. Qd3 Ne7 18. Nh4 f5 19. gxf5 g5 20. Nf3 Rxf5 21. Nbd2 Raf8 22. e4 dxe4 23. Nxe4 Bf4 24. Nf2 Nd5 25. Ne5 Bxe5 26. dxe5 Rf3 27. Qd2 Rg3+ 28. Kh1 Rff3 29. Rfd1 Rxh3+ 30. Kg1 Rhg3+ 31. Kh1 c6 32. Rg1 Rh3+ 33. Nxh3 Rxh3+ 34. Qh2 Rxh2+ 35. Kxh2 Nf4 36. Kg3 Qd3+ 37. Kg4 Qh3+ 38. Kxg5 Ne6+ 39. Kg6 Qh7# 0-1

[Event "Canadian op"]
[Site "Calgary"]
[Date "2023.07.23"]
[Round "2"]
[White "Wu, Jonathan"]
[Black "Dorrance, Adam"]
[Result "0-1"]
[WhiteElo "1906"]
[BlackElo "2268"]
[PlyCount "46"]
[EventDate "2023.07.22"]
[EventType "swiss"]
[EventRounds "10"]
[EventCountry "CAN"]
[SourceTitle "EXT 2024"]
[Source "ChessBase"]
[SourceDate "2023.10.10"]
[SourceVersion "1"]
[SourceVersionDate "2023.10.10"]
[SourceQuality "1"]

1. e4 e6 2. d4 d5 3. Nc3 Nf6 4. e5 Nfd7 5. Nce2 c5 6. c3 Nc6 7. f4 Qb6 8. Nf3 f6 9. g3 cxd4 10. cxd4 Bb4+ 11. Bd2 fxe5 12. fxe5 0-0 13. Bg2 Ndxe5 14. 0-0 Nxf3+ 15. Bxf3 Nxd4 16. Be3 Nxe2+ 17. Qxe2 Bc5 18. Bxc5 Qxc5+ 19. Kh1 Bd7 20. Bg4 Qd6 21. Rfe1 Rae8 22. Rac1 Rf6 23. Qe5 Rf1+ 0-1

[Event "Kingston Canada zt"]
[Site "Kingston"]
[Date "2022.04.18"]
[Round "9"]
[White "Chen, Max"]
[Black "Dorrance, Adam"]
[Result "1/2-1/2"]
[WhiteElo "1997"]
[BlackElo "2260"]
[PlyCount "84"]
[EventDate "2022.04.13"]
[EventType "swiss"]
[EventRounds "9"]
[EventCountry "CAN"]
[SourceTitle "CBM 207 Extra"]
[Source "ChessBase"]
[SourceDate "2022.05.31"]
[SourceVersion "1"]
[SourceVersionDate "2022.05.31"]
[SourceQuality "1"]

1. e4 c5 2. c3 Nf6 3. e5 Nd5 4. d4 cxd4 5. Nf3 e6 6. cxd4 b6 7. Nc3 Nxc3 8. bxc3 Qc7 9. Bd2 Bb7 10. Bd3 d6 11. 0-0 Nd7 12. Ng5 dxe5 13. Qh5 g6 14. Qh3 Be7 15. Rae1 e4 16. Bxe4 Bxe4 17. Rxe4 Nf6 18. Rf4 Rd8 19. Qf3 h6 20. Nxe6 fxe6 21. Rxf6 Bxf6 22. Qxf6 Kd7 23. Bf4 Qc6 24. Qf7+ Kc8 25. Qxa7 Qb7 26. Qa4 Rd5 27. Be5 Rhd8 28. c4 Ra5 29. Qc2 Qc6 30. Qxg6 Qxc4 31. Qxh6 Kb7 32. Qg7+ Ka6 33. h4 Rxa2 34. h5 Rc8 35. g4 Qe2 36. Bg3 Rc3 37. Qe5 Qxg4 38. h6 Raa3 39. Kg2 Qf3+ 40. Kg1 Qg4 41. Kg2 Qf3+ 42. Kg1 Qg4 1/2-1/2

[Event "Windsor NAYCC U18"]
[Site "Windsor"]
[Date "2016.08.11"]
[Round "9.6"]
[White "Bian, Alex"]
[Black "Dorrance, Adam"]
[Result "1/2-1/2"]
[WhiteElo "2300"]
[BlackElo "2254"]
[PlyCount "58"]
[EventDate "2016.08.07"]
[EventType "swiss"]
[EventRounds "9"]
[EventCountry "CAN"]
[SourceTitle "EXT 2022"]
[Source "ChessBase"]
[SourceDate "2021.10.06"]
[SourceVersion "1"]
[SourceVersionDate "2021.10.06"]
[SourceQuality "1"]

1. e4 c5 2. Nf3 Nc6 3. d4 cxd4 4. Nxd4 Nf6 5. Nc3 e5 6. Ndb5 d6 7. Bg5 a6 8. Na3 b5 9. Bxf6 gxf6 10. Nd5 Bg7 11. g3 f5 12. Bg2 0-0 13. exf5 Bxf5 14. Ne3 Ne7 15. Nxf5 Nxf5 16. Qh5 Nd4 17. c3 b4 18. cxb4 Rb8 19. 0-0 Rxb4 20. b3 a5 21. Rac1 Qf6 22. Nc2 Qh6 23. Qxh6 Bxh6 24. Nxb4 Ne2+ 25. Kh1 Nxc1 26. Nc6 Nxa2 27. Ne7+ Kh8 28. Nf5 Bd2 29. Nxd6 Bc3 1/2-1/2

[Event "Windsor NAYCC U18"]
[Site "Windsor"]
[Date "2016.08.10"]
[Round "6.5"]
[White "Wang, Justin"]
[Black "Dorrance, Adam"]
[Result "1/2-1/2"]
[WhiteElo "2177"]
[BlackElo "2254"]
[PlyCount "113"]
[EventDate "2016.08.07"]
[EventType "swiss"]
[EventRounds "9"]
[EventCountry "CAN"]
[SourceTitle "EXT 2022"]
[Source "ChessBase"]
[SourceDate "2021.10.06"]
[SourceVersion "1"]
[SourceVersionDate "2021.10.06"]
[SourceQuality "1"]

1. e4 c6 2. d4 d5 3. exd5 cxd5 4. c4 Nf6 5. Nc3 g6 6. Qb3 Bg7 7. cxd5 0-0 8. Be2 Na6 9. Bf3 Qb6 10. Qxb6 axb6 11. Nge2 Nb4 12. 0-0 Rd8 13. d6 Rxd6 14. Bf4 Rd7 15. Rfd1 Nbd5 16. Be5 Rd8 17. Nf4 Nxf4 18. Bxf4 Bg4 19. Bxb7 Ra7 20. Bf3 Bxf3 21. gxf3 Nd5 22. Be3 Nxc3 23. bxc3 Ra3 24. c4 Rc8 25. Rab1 Rxc4 26. Rxb6 Rc8 27. Rd2 e6 28. Rb7 Ra5 29. Rd7 h5 30. d5 exd5 31. R7xd5 Rxd5 32. Rxd5 Ra8 33. Rd2 Ra4 34. Kg2 Be5 35. h3 f6 36. Rd8+ Kf7 37. Rd7+ Ke6 38. Ra7 Rc4 39. a4 Bd4 40. Ra6+ Kf5 41. Ra5+ Ke6 42. Bxd4 Rxd4 43. Ra8 Kf5 44. a5 Ra4 45. a6 h4 46. Kh2 Ra1 47. Kg2 Kg5 48. a7 Kf5 49. Rh8 Rxa7 50. Rxh4 g5 51. Rb4 Ra1 52. Rb5+ Kf4 53. Rb4+ Kf5 54. h4 gxh4 55. Rxh4 Kg5 56. Rb4 f5 57. Rb8 1/2-1/2

[Event "Windsor NAYCC U18"]
[Site "Windsor"]
[Date "2016.08.10"]
[Round "7.2"]
[White "Wu, Christopher"]
[Black "Dorrance, Adam"]
[Result "1-0"]
[WhiteElo "2338"]
[BlackElo "2254"]
[PlyCount "47"]
[EventDate "2016.08.07"]
[EventType "swiss"]
[EventRounds "9"]
[EventCountry "CAN"]
[SourceTitle "EXT 2022"]
[Source "ChessBase"]
[SourceDate "2021.10.06"]
[SourceVersion "1"]
[SourceVersionDate "2021.10.06"]
[SourceQuality "1"]

1. e4 c6 2. d4 d5 3. e5 Bf5 4. Nf3 e6 5. Be2 Ne7 6. 0-0 Nd7 7. Nbd2 c5 8. c4 dxc4 9. Nxc4 Nc6 10. Bg5 Qc7 11. Rc1 f6 12. Bf4 cxd4 13. Nxd4 fxe5 14. Nxe5 Ndxe5 15. Nxf5 exf5 16. Bh5+ Ke7 17. Bxe5 Qd7 18. Qe2 Qe6 19. Qb5 Rc8 20. Bf4 a6 21. Qxb7+ Kf6 22. Rfe1 Ne5 23. Bxe5+ Qxe5 24. Qxc8 1-0

[Event "Quebec Carnaval"]
[Site "Quebec"]
[Date "2016.02.20"]
[Round "3"]
[White "Chiku Ratte, Olivier Kenta"]
[Black "Dorrance, Adam"]
[Result "1-0"]
[WhiteElo "2413"]
[BlackElo "2284"]
[PlyCount "79"]
[EventDate "2016.02.19"]
[EventType "swiss"]
[EventRounds "5"]
[EventCountry "CAN"]
[SourceTitle "EXT 2022"]
[Source "ChessBase"]
[SourceDate "2021.10.06"]
[SourceVersion "1"]
[SourceVersionDate "2021.10.06"]
[SourceQuality "1"]

1. d4 d5 2. c4 c6 3. Nf3 Nf6 4. Nc3 dxc4 5. a4 Bf5 6. Ne5 Nbd7 7. Nxc4 Qc7 8. g3 e5 9. dxe5 Nxe5 10. Bf4 Nfd7 11. Bg2 g5 12. Ne3 gxf4 13. Nxf5 0-0-0 14. 0-0 fxg3 15. hxg3 Kb8 16. a5 h5 17. Qa4 Nc5 18. Qh4 Ng6 19. Qg5 h4 20. Rad1 Re8 21. e3 Ne6 22. Qf6 hxg3 23. fxg3 Rh7 24. Ne4 Bg7 25. Nxg7 Rxg7 26. Bh3 Qe5 27. Bxe6 Qxf6 28. Nxf6 Rxe6 29. Rd8+ Kc7 30. Rfd1 Ne5 31. Ne8+ Rxe8 32. Rxe8 Rxg3+ 33. Kf2 Rg5 34. Re7+ Kc8 35. e4 a6 36. b3 Ng4+ 37. Kf3 Ne5+ 38. Ke3 Ng6 39. Rxf7 Kb8 40. Rg7 1-0

[Event "Canadian op U2400"]
[Site "Montreal"]
[Date "2014.07.24"]
[Round "7"]
[White "MacKinnon, Keith"]
[Black "Dorrance, Adam"]
[Result "0-1"]
[WhiteElo "2165"]
[BlackElo "2018"]
[PlyCount "50"]
[EventDate "2014.07.19"]
[EventType "swiss"]
[EventRounds "9"]
[EventCountry "CAN"]
[SourceTitle "EXT 2022"]
[Source "ChessBase"]
[SourceDate "2021.10.06"]
[SourceVersion "1"]
[SourceVersionDate "2021.10.06"]
[SourceQuality "1"]

1. e4 c6 2. d4 d5 3. e5 c5 4. c4 Nc6 5. Nf3 Bg4 6. cxd5 Bxf3 7. Qxf3 Nxd4 8. Qd1 Qc7 9. Bf4 g5 10. Bxg5 Qxe5+ 11. Be3 Bh6 12. Kd2 Bxe3+ 13. fxe3 Nf5 14. Nc3 Qxe3+ 15. Kc2 Nf6 16. Bb5+ Kf8 17. Bd3 Qg5 18. Qd2 Nd4+ 19. Kc1 Qxd2+ 20. Kxd2 Rd8 21. Rad1 Nxd5 22. Kc1 e6 23. Rhe1 Ke7 24. Be4 Nxc3 25. bxc3 Nb5 0-1

[Event "Canadian op U2400"]
[Site "Montreal"]
[Date "2014.07.23"]
[Round "6"]
[White "Dorrance, Adam"]
[Black "Voskanyan, Vahagn"]
[Result "1/2-1/2"]
[WhiteElo "2018"]
[BlackElo "2225"]
[PlyCount "134"]
[EventDate "2014.07.19"]
[EventType "swiss"]
[EventRounds "9"]
[EventCountry "CAN"]
[SourceTitle "EXT 2022"]
[Source "ChessBase"]
[SourceDate "2021.10.06"]
[SourceVersion "1"]
[SourceVersionDate "2021.10.06"]
[SourceQuality "1"]

1. d4 d5 2. Nf3 c5 3. c3 e6 4. Bf4 Qb6 5. Qb3 Nc6 6. e3 Nf6 7. Na3 Qxb3 8. axb3 Bd7 9. Nb5 Rc8 10. Nd6+ Bxd6 11. Bxd6 cxd4 12. exd4 Ne4 13. Bf4 0-0 14. Bd3 f5 15. Ne5 Nxe5 16. Bxe5 a6 17. f3 Ng5 18. Kf2 Nf7 19. Rhe1 Nd8 20. b4 Re8 21. Ra3 Nc6 22. h4 Na7 23. Raa1 Bb5 24. Ke3 Bxd3 25. Kxd3 Nc6 26. Re2 Kf7 27. Bd6 Rcd8 28. Be5 Ne7 29. Ra5 Rd7 30. Re1 Ng6 31. h5 Ne7 32. Re2 Ng8 33. g3 Nf6 34. Rh2 h6 35. b3 Rc8 36. c4 dxc4+ 37. bxc4 b5 38. Rc2 bxc4+ 39. Rxc4 Ra8 40. Rc6 Nd5 41. Kc4 Rb7 42. Raxa6 Rxa6 43. Rxa6 Nxb4 44. Ra3 Nd5 45. Kc5 Nf6 46. Bxf6 Kxf6 47. Ra6 Rc7+ 48. Rc6 Ra7 49. Kc4 Ra5 50. Kd3 Ra3+ 51. Ke2 Ra2+ 52. Ke3 Ra5 53. Rb6 Rd5 54. Ra6 f4+ 55. Kxf4 Rxh5 56. g4 Rb5 57. Ra7 Rb1 58. Ra8 Re1 59. Ra6 g5+ 60. Kg3 Rd1 61. Ra4 Rh1 62. Kg2 Rd1 63. Kg3 Rd2 64. Rb4 Ke7 65. Rb7+ Kf6 66. Rb4 Ke7 67. Rb7+ Kf6 1/2-1/2

[Event "Canadian op U2400"]
[Site "Montreal"]
[Date "2014.07.19"]
[Round "1"]
[White "Dorrance, Adam"]
[Black "Voloaca, Mihnea"]
[Result "1/2-1/2"]
[WhiteElo "2018"]
[BlackElo "2227"]
[PlyCount "86"]
[EventDate "2014.07.19"]
[EventType "swiss"]
[EventRounds "9"]
[EventCountry "CAN"]
[SourceTitle "EXT 2022"]
[Source "ChessBase"]
[SourceDate "2021.10.06"]
[SourceVersion "1"]
[SourceVersionDate "2021.10.06"]
[SourceQuality "1"]

1. d4 Nf6 2. Nf3 c5 3. dxc5 e6 4. g3 Bxc5 5. Bg2 d5 6. 0-0 Nc6 7. c4 d4 8. Bg5 0-0 9. Nbd2 Be7 10. a3 a5 11. Qc2 a4 12. Rfd1 e5 13. Ne1 Nd7 14. Bxe7 Qxe7 15. e4 Nc5 16. Nd3 Bg4 17. f3 Nxd3 18. Qxd3 Be6 19. f4 f6 20. f5 Bf7 21. g4 Rfc8 22. Rac1 Na5 23. Rc2 Rc5 24. Bf1 Rac8 25. Rdc1 Qc7 26. h4 b5 27. Qg3 bxc4 28. g5 Kf8 29. h5 fxg5 30. Qxg5 Qe7 31. Qg3 Bxh5 32. Bxc4 Be2 33. Bd3 Rxc2 34. Rxc2 Rxc2 35. Bxc2 Qc5 36. Bd3 Qc1+ 37. Kf2 Bxd3 38. Qxd3 Qxb2 39. Ke1 Qc3 40. Qa6 Nb3 41. Qd6+ Ke8 42. Qxe5+ Kd8 43. Qd6+ Ke8 1/2-1/2

[Event "CAN-ch U16"]
[Site "Montreal"]
[Date "2014.07.18"]
[Round "7"]
[White "Shi, Diwen"]
[Black "Dorrance, Adam"]
[Result "1/2-1/2"]
[WhiteElo "2182"]
[BlackElo "2250"]
[PlyCount "49"]
[EventDate "2014.07.15"]
[EventType "swiss"]
[EventRounds "7"]
[EventCountry "CAN"]
[SourceTitle "EXT 2022"]
[Source "ChessBase"]
[SourceDate "2021.10.06"]
[SourceVersion "1"]
[SourceVersionDate "2021.10.06"]
[SourceQuality "1"]

1. e4 c6 2. d4 d5 3. e5 c5 4. dxc5 Nc6 5. Bb5 e6 6. Be3 Nge7 7. Nf3 Bd7 8. Nc3 Qc7 9. Bxc6 Nxc6 10. Bd4 Nxd4 11. Qxd4 Bxc5 12. Qh4 0-0 13. 0-0 b5 14. Rfe1 a5 15. Ne2 b4 16. Nf4 f6 17. Nd3 Be7 18. Rac1 Rae8 19. Qd4 Bb5 20. c3 Qc4 21. Re3 fxe5 22. Ndxe5 Qc7 23. Qd2 bxc3 24. Rexc3 Qb8 25. Nc6 1/2-1/2

[Event "CAN-ch U16"]
[Site "Montreal"]
[Date "2014.07.15"]
[Round "1"]
[White "Li, Robert"]
[Black "Dorrance, Adam"]
[Result "1/2-1/2"]
[WhiteElo "1764"]
[BlackElo "2234"]
[PlyCount "41"]
[EventDate "2014.07.15"]
[EventType "swiss"]
[EventRounds "7"]
[EventCountry "CAN"]
[SourceTitle "EXT 2022"]
[Source "ChessBase"]
[SourceDate "2021.10.06"]
[SourceVersion "1"]
[SourceVersionDate "2021.10.06"]
[SourceQuality "1"]

1. e4 c6 2. d4 d5 3. Nc3 dxe4 4. Nxe4 Nf6 5. Nxf6+ gxf6 6. Nf3 Bg4 7. Be2 Qc7 8. c4 e6 9. Qa4 Nd7 10. Be3 Qb6 11. 0-0-0 0-0-0 12. c5 Qc7 13. Qxa7 Bxf3 14. gxf3 f5 15. Rd3 Qb8 16. Qa4 e5 17. Rb3 exd4 18. Rxb7 Qxb7 19. Ba6 Nxc5 20. Qxc6+ Kb8 21. Bxb7 1/2-1/2

[Event "CAN-ch U16"]
[Site "Ottawa"]
[Date "2013.07.10"]
[Round "1"]
[White "Dorrance, Adam"]
[Black "Li, Robert"]
[Result "1-0"]
[WhiteElo "2185"]
[BlackElo "1790"]
[PlyCount "48"]
[EventDate "2013.07.10"]
[EventType "swiss"]
[EventRounds "6"]
[EventCountry "CAN"]
[SourceTitle "EXT 2022"]
[Source "ChessBase"]
[SourceDate "2021.10.06"]
[SourceVersion "1"]
[SourceVersionDate "2021.10.06"]
[SourceQuality "1"]

1. e4 e5 2. Nf3 Nc6 3. Bc4 Nf6 4. d4 exd4 5. 0-0 d6 6. Nxd4 Be7 7. Nc3 0-0 8. h3 Bd7 9. Re1 a6 10. a4 Nxd4 11. Qxd4 Bc6 12. Bg5 Re8 13. Rad1 Nd7 14. Bxe7 Rxe7 15. Nd5 Re6 16. a5 Nc5 17. Bb3 Bd7 18. Qc3 Bc6 19. Re3 Nd7 20. Rg3 Ne5 21. f4 Ng6 22. f5 Rxe4 23. fxg6 hxg6 24. Rf1 Bb5 1-0

[Event "CAN-ch U10"]
[Site "Quebec"]
[Date "2008.07.16"]
[Round "7"]
[White "Plotkin, Mark"]
[Black "Dorrance, Adam"]
[Result "0-1"]
[WhiteElo "1470"]
[BlackElo "1640"]
[PlyCount "88"]
[EventDate "2008.07.14"]
[EventType "swiss"]
[EventRounds "7"]
[EventCountry "CAN"]
[SourceTitle "EXT 2011"]
[Source "ChessBase"]
[SourceDate "2010.11.26"]
[SourceVersion "1"]
[SourceVersionDate "2010.11.26"]
[SourceQuality "1"]

1. e4 c6 2. d4 d5 3. exd5 cxd5 4. Nf3 Nf6 5. Bd3 Nc6 6. h3 e6 7. Bf4 Qb6 8. b3 Bd7 9. c3 g6 10. Ne5 Bg7 11. Nxd7 Nxd7 12. Be3 Rc8 13. Nd2 Qa5 14. b4 Qa3 15. Qb3 Qxb3 16. Nxb3 e5 17. b5 Nd8 18. Kd2 Ne6 19. Rac1 f5 20. f3 0-0 21. dxe5 Nxe5 22. Bxa7 Nxd3 23. Kxd3 Nf4+ 24. Kd2 Nxg2 25. Rc2 Bh6+ 26. Ke2 Nf4+ 27. Kf2 Rfe8 28. Nd4 Nd3+ 29. Kg3 Bf4+ 30. Kh4 Ne1 31. Rxe1 Rxe1 32. Re2 Rxe2 33. Nxe2 Bd2 34. Nd4 Bxc3 35. Nb3 d4 36. Nc5 Rxc5 37. Bxc5 d3 38. Be3 d2 39. Bxd2 Bxd2 40. Kg3 b6 41. Kf2 Kf7 42. a3 Ke6 43. Ke2 Ba5 44. Kd3 Kd5 0-1